عرض عادي
عرض مارك
- دول الخليج العربية
دخول Geographic Name
001 - CONTROL NUMBER
- control field: 29892
003 - CONTROL NUMBER IDENTIFIER
- control field: AE-AdECS
005 - DATE AND TIME OF LATEST TRANSACTION
- control field: 20260511090134.0
008 - FIXED-LENGTH DATA ELEMENTS
- fixed length control field: 260511|| aca||aabn | a|a d
040 ## - CATALOGING SOURCE
- Original cataloging agency: AE-AdECS
- Transcribing agency: AE-AdECS
151 ## - HEADING--GEOGRAPHIC NAME
- Geographic name: دول الخليج العربية
- General subdivision: العلاقات الخارجية
- Geographic subdivision: بريطانيا
670 ## - SOURCE DATA FOUND
- Source citation: Work cat.: (AE-AdECS)295100: الكناني، حامد، مؤلف. 29889, الخليج العربي :
